| 000 | 00937pam a2200289 a 4500 | ||
|---|---|---|---|
| 001 | 014199967 | ||
| 003 | Uk | ||
| 005 | 20161010100213.0 | ||
| 008 | 070724s2009 enk b 001 0 eng d | ||
| 020 | _a0745636993 (hbk.) | ||
| 020 | _a9780745636993 (hbk.) | ||
| 020 | _a0745637000 (pbk.) | ||
| 020 | _a9780745637006 (pbk.) | ||
| 082 | 0 | 4 |
_a341.48082 _222 _bREI |
| 100 | 1 |
_aReilly, Niamh. _932375 |
|
| 245 | 1 | 0 |
_aWomen's Human Rights : _bSeeking Gender Justice in a Globalizing Age / _cNiamh Reilly. |
| 260 |
_aCambridge : _bPolity, _cc2009. |
||
| 300 |
_axii, 203 p. ; _c24 cm. |
||
| 500 |
_aFormerly CIP. _5Uk |
||
| 504 | _aIncludes bibliographical references and index. | ||
| 650 | 0 |
_aWomen's rights. _932125 |
|
| 650 | 0 |
_aHuman rights advocacy _xInternational cooperation. _932376 |
|
| 650 | 0 |
_aWomen (International law) _932378 |
|
| 653 |
_bPol _cFebruary2013 |
||
| 650 | 0 |
_932377 _aWomen's rights _xHistory. |
|
| 942 |
_2ddc _cBB |
||
| 999 |
_c17222 _d17194 |
||